000 00551nam a2200193Ia 4500
005 20250508163410.0
008 008 250505s9999 xx 000 0 eng d
020 _a81-202-0199-X
037 _aTextual
040 _aFEDL
_beng
_cFEDL
041 _aeng
_2eng
084 _a407, BHA
_qFEDL
100 _aBhatnager Y C
_9775264
245 0 _aForeign language teaching (FLT) in India: An approach
260 _aDelhi, India
_bAjanta Publications
_c1988
300 _aviii,242p
942 _cTEXL
_h407, BHA
999 _c1382837
_d1382837